000 00562 a2200181 4500
999 _c9113
_d9113
020 _a9781849466370
050 0 0 _aKOC982.P65 OLA 2014
100 1 _aOlaniyan, Kolawole,
_eauthor.
245 1 0 _aCorruption and human rights law in Africa /
_cKolawole Olaniyan.
264 1 _aOxford :
_bHart Publishing,
_c2014.
300 _axxxvi, 403 pages ;
500 _aIncludes index
504 _aIncludes bibliographical references (pages 373-381) and index.
650 0 _aCorruption
650 0 _aHuman rights
651 7 _aAfrika.
942 _2lcc
_cBK
_h982.P65
_iOLA
_kKOC